|
|
|
|
| LEADER |
00000nas a22000007a 4500 |
| 005 |
20111104150752.0 |
| 008 |
111104c20049999sp zn|| s|||| 0|||a1spa d |
| 022 |
|
|
|a 0379-0304
|
| 035 |
|
|
|a 5693
|
| 040 |
|
|
|a vLex
|
| 090 |
|
|
|c 2745
|d 2745
|
| 245 |
0 |
0 |
|a Revista Seguridad Social
|h [Recurso electrn̤ico]
|
| 256 |
|
|
|a Servicio en ln̕ea.
|
| 260 |
|
|
|a [Mx̌ico] :
|b Conferencia Interamericana de Seguridad Social (CISS),
|c 2004 -
|
| 300 |
|
|
|a 1 recurso electrn̤ico
|
| 310 |
|
|
|a Irregular
|
| 362 |
|
|
|a Nm︢. 1 (2004) -
|
| 506 |
1 |
|
|a Contenido solo disponible en los productos indicados
|d vLex Global
|d vLex Global (Academic Edition, excluding Law Schools)
|d vLex Global (U.S. Academic Edition, Law Schools)
|d vLex Global (U.S. Academic Edition, excluding Law Schools)
|d vLex Global (Academic Edition, Law Schools)
|
| 650 |
0 |
4 |
|a Seguridad social
|z Amřica Latina
|
| 710 |
2 |
|
|a Conferencia Interamericana de Seguridad Social (CISS)
|
| 740 |
0 |
|
|a vLex Revistas (Servicio en ln̕ea)
|
| 856 |
4 |
0 |
|u http://vlex.com/source/revista-seguridad-social-5693
|z Acceso restringido
|
| 942 |
|
|
|c REV
|